|
|
|
|
| LEADER |
01055nam a2200325 a 4500 |
| 001 |
000564633 |
| 003 |
CZ BrMZK |
| 005 |
20070528063117.0 |
| 007 |
ta |
| 008 |
000115s2001 xr g f cze d |
| 015 |
|
|
|a cnb001003904
|
| 020 |
|
|
|a 80-86481-05-0
|
| 035 |
|
|
|a (OCoLC)48708984
|
| 040 |
|
|
|a BOA001
|b cze
|
| 041 |
1 |
|
|a cze
|h eng
|
| 072 |
|
7 |
|a 821.111(73)-3
|x Americká próza
|2 Konspekt
|9 25
|
| 080 |
|
|
|a 821.111(73)-31
|2 MRF
|
| 080 |
|
|
|a (0:82-311.9)
|2 MRF
|
| 100 |
1 |
|
|a Simmons, Dan,
|d 1948-2026
|7 ola2002112695
|
| 245 |
1 |
0 |
|a Děti noci /
|c Dan Simmons ; [z angličtiny přeložil Ivo Reitmayer]
|
| 250 |
|
|
|a 1. vyd.
|
| 260 |
|
|
|a Plzeň :
|b Perseus,
|c 2001
|
| 300 |
|
|
|a 449 s. :
|b il. ;
|c 17 cm
|
| 655 |
|
7 |
|a americké romány
|7 fd131796
|2 czenas
|
| 655 |
|
7 |
|a vědecko-fantastické romány
|7 fd133847
|2 czenas
|
| 700 |
1 |
|
|a Reitmayer, Ivo
|7 ola2005284392
|
| 765 |
0 |
|
|t Children of the night
|
| 910 |
|
|
|a BOA001
|b 1-1087.726
|
| 990 |
|
|
|a BK
|
| 996 |
6 |
|
|b 2610138186
|c 1-1087.726
|l MZK
|r Sklad / do 1 hodiny
|n 9
|p p.v.
|w 000564633
|u 000010
|a 1
|e BOA001
|j MZK50
|s P
|